Be.an,expert environmentalist
| Main Author: | |
|---|---|
| Format: | Book |
| Published: |
London :
Gloucester Press ,
1992
|
| Subjects: |
MARC
| LEADER | 00000cam a2200000 7i4500 | ||
|---|---|---|---|
| 001 | 0000006452 | ||
| 002 | 000006964 | ||
| 005 | 20000330.0 | ||
| 020 | |a 0749607572 | ||
| 090 | 0 | 0 | |a J 331.7 |b STI |
| 100 | 1 | |a Stidworthy, John | |
| 245 | 1 | 0 | |a Be.an,expert environmentalist |c John Stidworthy |
| 260 | |a London : |b Gloucester Press , |c 1992 | ||
| 300 | |a 32p. ; |c 29cm. | ||
| 650 | 0 | 0 | |a Environmentalism |
| 999 | |a 038029 |b BUKU |c PINJAMAN |e PERPUSTAKAAN KOMUNITI PETALING JAYA | ||